Sổ tay hướng dẩn về Quy trình thực hiện dự án đầu tư trên địa bàn tỉnh Thừa THiên Huế : Theo văn bản số 5809/UBND-XT ngày 31 tháng 12 năm 2010 của UBND tỉnh Thừa Thiên Huế
Sổ tay này được xây dựng trong khuôn khổ chương trình hợp tác về caỉ thiện môi trường đầu tư giữa tổ chức tài chính quốc tế , tổ chức thành viên của nhóm Ngân hàng Thế giới và UBND tỉnh Thừa Thiên Huế. Đây là chương trình hợp tác...
Sparad:
| Institutionell upphovsman: | |
|---|---|
| Materialtyp: | Bok |
| Språk: | Undetermined |
| Publicerad: |
Thừa Thiên Huế
Lao động
2010
|
| Ämnen: | |
| Taggar: |
Lägg till en tagg
Inga taggar, Lägg till första taggen!
|
| Thư viện lưu trữ: | Trung tâm Học liệu Trường Đại học Cần Thơ |
|---|
| LEADER | 01549nam a2200205Ia 4500 | ||
|---|---|---|---|
| 001 | CTU_173237 | ||
| 008 | 210402s9999 xx 000 0 und d | ||
| 082 | |a 338.8 | ||
| 082 | |b U523 | ||
| 110 | |a Uỷ ban nhân dân tỉnh Thừa Thiên Huế | ||
| 245 | 0 | |a Sổ tay hướng dẩn về Quy trình thực hiện dự án đầu tư trên địa bàn tỉnh Thừa THiên Huế : | |
| 245 | 0 | |b Theo văn bản số 5809/UBND-XT ngày 31 tháng 12 năm 2010 của UBND tỉnh Thừa Thiên Huế | |
| 245 | 0 | |c Uỷ ban nhân dân tỉnh Thừa Thiên Huế | |
| 260 | |a Thừa Thiên Huế | ||
| 260 | |b Lao động | ||
| 260 | |c 2010 | ||
| 520 | |a Sổ tay này được xây dựng trong khuôn khổ chương trình hợp tác về caỉ thiện môi trường đầu tư giữa tổ chức tài chính quốc tế , tổ chức thành viên của nhóm Ngân hàng Thế giới và UBND tỉnh Thừa Thiên Huế. Đây là chương trình hợp tác kỹ thuật, tập trung vào việc tăng cường sự phối hợp liên ngành và đơn giản hóa thủ tục hành chính về đầu tư xây dựng của doanh nghiệp trên địa bàn tỉnh Thừa Thiên Huế. | ||
| 650 | |a Investments,Sự đầu tư,Industrial concentration,Tập trung công nghiệp | ||
| 904 | |i K.Mi, Trong Hieu | ||
| 980 | |a Trung tâm Học liệu Trường Đại học Cần Thơ | ||